El territorio como poder y potencia: relatos del Piedemonte Araucano
Guardat en:
| Autor principal: | |
|---|---|
| Format: | Llibre |
| Idioma: | espanyol |
| Publicat: |
Bogotá
Pontificia Universidad Javeriana
2017
|
| Edició: | 1a. ed |
| Col·lecció: | Colección Laureata
|
| Matèries: | |
| Etiquetes: |
Afegir etiqueta
Sense etiquetes, Sigues el primer a etiquetar aquest registre!
|
MARC
| LEADER | 00000cam a2200000 a 4500 | ||
|---|---|---|---|
| 001 | UCC3309 | ||
| 003 | CL-VaPUC | ||
| 008 | 180427e20170700ck |||||||||||||||||spa|d | ||
| 020 | |a 9789587810707 | ||
| 082 | 0 | 4 | |a 307.12 |b MON |2 21 |
| 100 | |a Moncayo Santacruz, Juan Eduardo |e autor |9 597321 | ||
| 245 | 1 | 3 | |a El territorio como poder y potencia: relatos del Piedemonte Araucano |
| 250 | |a 1a. ed | ||
| 300 | |a 230 p | ||
| 942 | |c BK | ||
| 945 | |d 20180427 13:12:00 |a arojas | ||
| 260 | |a Bogotá |b Pontificia Universidad Javeriana |c 2017 | ||
| 650 | 0 | |a Ordenamiento territorial |9 469387 | |
| 650 | 0 | |a Urbanismo |9 255208 | |
| 583 | |a last modification |c 20180427 13:12:00 |k Rodrigo Vera | ||
| 490 | 0 | |a Colección Laureata | |
| 999 | |c 371070 |d 371068 | ||
| 952 | |0 0 |1 0 |3 erb |4 0 |6 307_120000000000000_MON_2017 |7 0 |8 A |9 487947 |a BIBING |b BIBING |i 546742K |o 307.12 MON 2017 |p 546742K |r 2025-01-20 |w 2019-11-24 |y BK |z Catalogado en:20180427 |k GEO | ||